The expert witness (Record no. 106336)
[ view plain ]
| 000 -LEADER | |
|---|---|
| fixed length control field | 00904cam a2200301 4500 |
| 001 - CONTROL NUMBER | |
| control field | E136167 |
| 008 - FIXED-LENGTH DATA ELEMENTS--GENERAL INFORMATION | |
| fixed length control field | 000000n2006 000 0 eng u |
| 020 ## - INTERNATIONAL STANDARD BOOK NUMBER | |
| International Standard Book Number | 1904388663; 9781904388661 |
| 035 ## - SYSTEM CONTROL NUMBER | |
| System control number | (Sirsi) u136167 |
| 041 ## - LANGUAGE CODE | |
| Language code of text/sound track or separate title | eng |
| 050 ## - LIBRARY OF CONGRESS CALL NUMBER | |
| Classification number | 347.41067 |
| -- | 18 |
| 100 ## - MAIN ENTRY--PERSONAL NAME | |
| Personal name | Hall, Jean Graham |
| 245 04 - TITLE STATEMENT | |
| Title | The expert witness |
| Remainder of title | a CPD study pack |
| 250 ## - EDITION STATEMENT | |
| Edition statement | 5th ed. |
| 260 ## - PUBLICATION, DISTRIBUTION, ETC. | |
| Place of publication, distribution, etc. | Reading |
| Name of publisher, distributor, etc. | College of Estate Management |
| Date of publication, distribution, etc. | 2006 |
| 350 ## - PRICE (NR) (BK AM CF MU VM SE) [OBSOLETE] | |
| Price | 51 |
| 490 ## - SERIES STATEMENT | |
| Series statement | College of Estate Management CPD Study Pack |
| 520 ## - SUMMARY, ETC. | |
| Summary, etc. | Accompanied by Owlion audio CD "Surveyors as advocates and expert witnesses" |
| 650 ## - SUBJECT ADDED ENTRY--TOPICAL TERM | |
| Topical term or geographic name entry element | EXPERT EVIDENCE |
| 650 ## - SUBJECT ADDED ENTRY--TOPICAL TERM | |
| Topical term or geographic name entry element | EXPERT WITNESSES |
| 650 ## - SUBJECT ADDED ENTRY--TOPICAL TERM | |
| Topical term or geographic name entry element | EXPERTS REPORTS |
| 650 ## - SUBJECT ADDED ENTRY--TOPICAL TERM | |
| Topical term or geographic name entry element | PROFESSIONAL NEGLIGENCE |
| 690 ## - LOCAL SUBJECT ADDED ENTRY--TOPICAL TERM (OCLC, RLIN) | |
| Topical term or geographic name as entry element | DISPUTE RESOLUTION |
| 9 (RLIN) | 6236 |
| 700 ## - ADDED ENTRY--PERSONAL NAME | |
| Personal name | Smith, Gordon D. |
| 700 ## - ADDED ENTRY--PERSONAL NAME | |
| Personal name | Barry, Paul |
| 710 ## - ADDED ENTRY--CORPORATE NAME | |
| Corporate name or jurisdiction name as entry element | College of Estate Management |
| 9 (RLIN) | 400 |
| 942 ## - ADDED ENTRY ELEMENTS (KOHA) | |
| Suppress in OPAC | 0 |
| Withdrawn status | Lost status | Source of classification or shelving scheme | Damaged status | Not for loan | Home library | Current library | Shelving location | Date acquired | Cost, normal purchase price | Total Checkouts | Full call number | Barcode | Date last seen | Date last checked out | Copy number | Cost, replacement price | Price effective from | Koha item type |
|---|---|---|---|---|---|---|---|---|---|---|---|---|---|---|---|---|---|---|
| Dewey Decimal Classification | London | London | Books | 05/03/2007 | 51.00 | 20 | BASEMENT 6 | 30073697 | 06/08/2019 | 05/01/2010 | 2 | 51.00 | 06/08/2019 | Audio | ||||
| Missing | London | London | Missing | 05/03/2007 | 51.00 | 20 | BASEMENT 6 | 30073698 | 06/08/2019 | 30/01/2009 | 3 | 51.00 | 06/08/2019 | Audio | ||||
| Dewey Decimal Classification | London | London | Enquiry desk | 05/03/2007 | 51.00 | 22 | BASEMENT 6 | 30073700 | 06/08/2019 | 14/01/2010 | 5 | 51.00 | 06/08/2019 | Audio | ||||
| Missing | London | London | Missing | 05/03/2007 | 51.00 | 16 | BASEMENT 6 | 30073701 | 06/08/2019 | 20/01/2009 | 6 | 51.00 | 06/08/2019 | Audio |